000 00595nam a22002057a 4500
003 UA-OsUOA
001 12511
007 ta
008 20050513b un ||||| |||| 00| 0 ukr d
100 _aБрацка М.
942 _cSA
040 _aUA-OsUOA
_bukr
_cUA-OsUOA
_dUA-OsUOA
245 _a"Свій" і "чужий" козак у поезії "української школи" польського романтизму
300 _aС.70 - 77
955 _a0
041 _aukr
044 _aUA
773 0 _w0
650 7 _aЛітературознавство
_2UDC
999 _c298672
_d298672